Missing Word: 'K' in Literature Quiz Stats

 Plays Quiz Updated Apr 9, 2018

Challenge
Share
Tweet
Embed
Score 0/14 Timer 03:00
0 Plays Today
Title 'K' Word % Correct
To ____ A MockingbirdKill
99.6%
Diary of a Wimpy ____Kid
96.5%
A Connecticut Yankee in ____ Arthur's CourtKing
95.7%
I ____ Why the Caged Bird SingsKnow
93.9%
The ____ RunnerKite
90.4%
Bury My Heart at Wounded ____: An Indian History of the American WestKnee
86.6%
Anna ____Karenina
86.1%
Title 'K' Word % Correct
____ the GirlsKiss
79.5%
My Sister's ____Keeper
79%
Sir Gawain and the Green ____Knight
62.1%
The Brothers ____Karamazov
58.9%
The Subtle ____Knife
33.2%
____ Hope: U.S. Military and C.I.A. Interventions Since World War IIKilling
29.4%
Chato's ____Kitchen
9.3%

Today's Daily Dose

You're not logged in!

Compare scores with friends on all Sporcle quizzes.
OR
Log In

You Might Also Like...

Show Comments

Extras

Top Quizzes Today


Score Distribution

Your Account Isn't Verified!

In order to create a playlist on Sporcle, you need to verify the email address you used during registration. Go to your Sporcle Settings to finish the process.

Report this User

Report this user for behavior that violates our Community Guidelines.

Details: